000 00556nam a2200181Ia 4500
008 240729s9999 xx 000 0 und d
022 _a1876-7958
245 0 _aNeural Regeneration Research
260 _aIndia
260 _bWolters Kluwer Medknow Publications
650 _a Internal medicine
650 _a Neurology. Diseases of the nervous system
650 _a Neurosciences. Biological psychiatry. Neuropsychiatry
650 _aMedicine
856 _uhttps://doaj.org/toc/7d6eebe023ab47aeb428a18311edbd74
942 _2ddc
942 _cDOAJEJ
999 _c71803
_d71803
945 _a1
_bMadushi Gamage
_c1
_dMadushi Gamage